| 000 | 00541nam a2200193 i 4500 | ||
|---|---|---|---|
| 001 | 28586 | ||
| 003 | ES-MaACL | ||
| 005 | 20230906153906.0 | ||
| 007 | t| | ||
| 008 | 030117s1981 sp ||||1| spa d | ||
| 100 | 1 |
_aAzorín, Kateri. _924333 |
|
| 245 | 1 | 0 |
_aSolo el eco de la noche / _cKateri Azorín. |
| 260 |
_aValencia : _bFernando Torres, _c[1981] |
||
| 300 |
_a38 p. ; _c19 cm. |
||
| 490 | 1 |
_aScorpio. Poesía ; _v4 |
|
| 830 | 0 |
_aScorpio. Poesía ; _v4 _9185602 |
|
| 852 |
_aES-MaACL _j2122-F-11 _bR.105950 |
||
| 999 |
_c28586 _d28586 |
||